000 02052nam0a2200409 4500
001 RU\NLR\bibl\251784
005 20260406050820.0
010 _a5-8149-0067-9
_9250
021 _aRU
_b2001-46703
_92241
035 _a(NLR Aleph) 000247582
090 _a1444054
_c1444054
100 _a20020320d2001 |||y0rusy50 ca
101 0 _arus
102 _aRU
105 _ay |||||||||
200 1 _aРасчет электрических нагрузок, выбор главных схем и оборудования промышленных предприятий
_eУчеб. пособие
_fВ.К. Грунин, С.Г. Диев, В.В. Карпов и др.
210 _aОмск
_cИзд-во Омского гос. техн. ун-та
_d2001
215 _a102 с.
_cил.
_d21
320 _aБиблиогр.: с. 102 (10 назв.)
606 0 _aЭлектрооборудование промышленных предприятий
_jРуководства, пособия и т.п. для высшей школы
_91984242
_3RU\NLR\auth\66910501
606 0 _aПромышленные предприятия
_jУчебные издания для высшей школы
_xЭлектрооборудование
_92214912
_3RU\NLR\auth\661330348
610 0 _aПромышленные предприятия - Электроснабжение - Расчет
610 0 _aЭлектрические системы - Нагрузки - Расчет
675 _a658.26:621.311.016.3.001.24(075.2)
_v3
_zrus
686 _a06.81
_2rugasnti
686 _a31.29-5
_2rubbk
686 _aЗ29-5я73-1
701 1 _aГрунин
_bВ. К.
_gВиктор Константинович
_4070
701 1 _aДиев
_bС. Г.
_4070
701 1 _4070
_8rus
_7ca
_aКарпов
_bВ. В.
_cд-р экон. наук
_gВалерий Васильевич
_3RU\NLR\auth\776240
_9116195
801 0 _aRU
_bRKP
_c20020320
_gPSBO
801 1 _aRU
_bRKP
_c20020320
801 2 _aRU
_bNLR
_c20080131
_grcr
942 _cBOOK
980 _aNB
980 _aNBR